Arte de proyectar en arquitectura: fundamentos, normas y prescripciones sobre construcción, dimensiones de edificios, localesd y utensilios, instalaciones, distribución y programas de necesidades
Wedi'i Gadw mewn:
| Prif Awdur: | |
|---|---|
| Fformat: | Llyfr |
| Iaith: | Sbaeneg |
| Cyhoeddwyd: |
Barcelona
Gustavo Gili
1995
|
| Rhifyn: | 14a. ed |
| Pynciau: | |
| Tagiau: |
Ychwanegu Tag
Dim Tagiau, Byddwch y cyntaf i dagio'r cofnod hwn!
|
MARC
| LEADER | 00000nam a2200000 a 4500 | ||
|---|---|---|---|
| 001 | UCL0694 | ||
| 003 | CL-VaPUC | ||
| 008 | 030808e19950000SP |||||||||||||||||spa|d | ||
| 020 | |a 9688873373 | ||
| 082 | 0 | 4 | |a 690.02 |b NEU |2 21 |
| 100 | |a Neufert, Ernst |e autor |9 303124 | ||
| 245 | 1 | 0 | |a Arte de proyectar en arquitectura: fundamentos, normas y prescripciones sobre construcción, dimensiones de edificios, localesd y utensilios, instalaciones, distribución y programas de necesidades |
| 250 | |a 14a. ed | ||
| 300 | |a 580 p | ||
| 942 | |c BK | ||
| 945 | |d 20030808 00:00:00 |a cmena | ||
| 260 | |a Barcelona |b Gustavo Gili |c 1995 | ||
| 650 | 0 | |a Construcción |9 260195 | |
| 650 | 0 | |a Manuales |9 257144 | |
| 650 | 0 | |a Arquitectura |9 804558 | |
| 650 | 7 | |a DISEÑOS Y PLANOS |2 CL-VaPUC |9 262672 | |
| 650 | 7 | |a NORMAS INGENIERIA |2 CL-VaPUC |9 260507 | |
| 583 | |a last modification |c 20140410 05:29:45 |k Rodrigo Vera | ||
| 999 | |c 304508 |d 304506 | ||
| 952 | |0 0 |1 0 |4 0 |6 690_020000000000000_NEU_1995 |7 0 |8 F |9 366842 |a BIBARQ |b BIBARQ |d 2019-11-21 |i 3931269 |l 13 |o 690.02 NEU 1995 |p 3931269 |r 2025-01-20 |s 2024-03-18 |w 2019-11-21 |y BK_F |k ARQ | ||
| 952 | |0 0 |1 0 |4 0 |6 690_020000000000000_NEU_1995 |7 0 |8 A |9 366843 |a BIBING |b BIBING |d 2019-11-21 |i 4513096 |o 690.02 NEU 1995 |p 4513096 |r 2025-01-20 |w 2019-11-21 |y BK |k CCL | ||